Building information modelling (Record no. 553713)
[ view plain ]
| 000 -LEADER | |
|---|---|
| fixed length control field | 00452nam a22001457a 4500 |
| 082 ## - DEWEY DECIMAL CLASSIFICATION NUMBER | |
| Classification number | P683 |
| 100 ## - MAIN ENTRY--PERSONAL NAME | |
| Personal name | Babar Ali NS syn#24 |
| 9 (RLIN) | 50969 |
| 245 ## - TITLE STATEMENT | |
| Title | Building information modelling |
| Remainder of title | a case study of district head quarter hospital mardan |
| 260 ## - PUBLICATION, DISTRIBUTION, ETC. | |
| Place of publication, distribution, etc. | Risalpur, |
| Name of publisher, distributor, etc. | MCE, |
| Date of publication, distribution, etc. | 2016. |
| 300 ## - PHYSICAL DESCRIPTION | |
| Extent | 65p. |
| Other physical details | ill. |
| Dimensions | 26cm. |
| 526 ## - STUDY PROGRAM INFORMATION NOTE | |
| Program name | 0 |
| Interest level | 0 |
| Reading level | 0 |
| Title point value | P_683_000000000000000 |
| 526 ## - STUDY PROGRAM INFORMATION NOTE | |
| Program name | 0 |
| Interest level | 0 |
| Reading level | 0 |
| Title point value | P_683_000000000000000 |
| 700 ## - ADDED ENTRY--PERSONAL NAME | |
| Personal name | Maj Dr Rizwan |
| 9 (RLIN) | 50970 |
| 942 ## - ADDED ENTRY ELEMENTS (KOHA) | |
| Source of classification or shelving scheme | |
| Koha item type | Book |
| Withdrawn status | Lost status | Source of classification or shelving scheme | Damaged status | Not for loan | Permanent Location | Current Location | Date acquired | Total Checkouts | Full call number | Barcode | Date last seen | Date last checked out | Price effective from | Koha item type |
|---|---|---|---|---|---|---|---|---|---|---|---|---|---|---|
| Military College of Engineering (MCE) | Military College of Engineering (MCE) | 07/19/2016 | 2 | P683 | MCE-P-683 | 12/12/2019 | 10/21/2019 | 03/14/2021 | Book | |||||
| Military College of Engineering (MCE) | Military College of Engineering (MCE) | 07/19/2016 | P683 | MCE-P-684 | 07/19/2016 | 03/14/2021 | Book |
